Pôsobenie drevených priehradových väzníkov s oceľovými doskami s prelisovanými hrotmi pri krátkodobom a dlhodobom zaťažení

Salvato in:
Dettagli Bibliografici
Autore principale: Sógel, Kristián (Autore)
Altri autori: (Relatore della tesi)
Natura: Manoscritto Libro
Lingua:slovacco
Pubblicazione: 2015
Soggetti:
Accesso online:http://is.stuba.sk/zp/portal_zp.pl?podrobnosti_zp=54208
Tags: Aggiungi Tag
Nessun Tag, puoi essere il primo ad aggiungerne!!

MARC

LEADER 00000ntm a22000003a 4500
001 stuzp54208
003 SK-STU
005 20160715123520.4
007 ta
008 150427s2015----xo-----f-mn---000-0-slo-d
040 |a STU  |b slo 
041 0 |a slo 
100 1 |a Sógel, Kristián  |u 010190  |4 aut  |U SvF Stavebná fakulta  |T SvF Katedra kovových a drevených konštrukcií  |X 4683  |U V190  |Y 21  |7 A000004683 
242 0 1 |a Operation of Metal Plate Connected Wood Trusses by Short-Term and Long-Term Loading  |y eng 
245 1 0 |a Pôsobenie drevených priehradových väzníkov s oceľovými doskami s prelisovanými hrotmi pri krátkodobom a dlhodobom zaťažení 
260 |c 2015 
650 4 |a reológia  |2 slo 
650 4 |a Priehradový väzník  |2 slo 
650 4 |a drevo  |2 slo 
650 4 |a Rheology  |2 eng 
650 4 |a Truss  |2 eng 
650 4 |a Timber  |2 eng 
700 1 |a ,  |4 ths  |X null  |7 null 
856 4 |u http://is.stuba.sk/zp/portal_zp.pl?podrobnosti_zp=54208 
996 |b 284V036886  |c V* 3215/HP-219  |l VVS  |s P  |a 0  |w stuzp54208_0001 
SQL |a stuzp54208  |b DHP  |c SLO  |d Pôsobenie drevených priehradových väzníkov s oceľovými doskami s prelisovanými hrotmi pri krátkodobom a dlhodobom zaťažení  |e 4683  |f Sógel, Kristián  |g 010190  |h null  |i ,   |j 20151007  |k null  |l 01  |m http://is.stuba.sk/zp/portal_zp.pl?podrobnosti_zp=54208